Capitales Asie - Statistiques

Statistiques générales
  • Ce quiz a été pris 44 fois
  • Le résultat moyen est 28 sur 47
Statistiques - réponses
Réponse % Correct
43 Pékin
93%
42 Tokyo
90%
26 New Delhi
85%
36 Bangkok
83%
41 Séoul
83%
15 Ankara
78%
17 Bagdad
78%
18 Téhéran
78%
34 Manille
76%
35 Hanoï
73%
16 Jérusalem
73%
32 Singapour
73%
44 Bakou
71%
13 Doha
71%
37 Jakarta
71%
40 Pyongyang
71%
46 Erevan
68%
25 Islamabad
68%
39 Oulan-Bator
68%
14 Abou Dabi
66%
33 Kuala Lumpur
63%
19 Riyad
63%
8 Beyrouth
61%
45 Tbilissi
61%
24 Dacca
59%
9 Damas
59%
22 Katmandou
59%
12 Koweït
59%
7 Amman
56%
5 Noursoultan
56%
10 Sanaa
54%
38 Taipei
51%
30 Phnom Penh
51%
47 Nicosie
49%
2 Bichkek
46%
29 Vientiane
44%
20 Malé
41%
4 Tachkent
41%
11 Mascate
41%
6 Manama
37%
3 Achgabat
34%
21 Thimphou
34%
27 Dili
32%
1 Douchanbé
32%
23 Sri Jayawardenepura Kotte
32%
31 Naypyidaw
29%
28 Bandar Seri Begawan
20%
Aucun quiz correspondant
Distribution des résultats
% des personnes avec chaque résultat
Percentile par nombre de réponses
Votre historique - résultats
Vous n’avez pas pris ce quiz